A consideration of the UK government's proposals for business improvement districts in England (Record no. 75907)

MARC details
000 -LEADER
fixed length control field 01283cab a2200205 4500
001 - CONTROL NUMBER
control field L131029
008 - FIXED-LENGTH DATA ELEMENTS--GENERAL INFORMATION
fixed length control field 050921n2005 000 0 eng u
035 ## - SYSTEM CONTROL NUMBER
System control number (Sirsi) u131029
041 0# - LANGUAGE CODE
Language code of text/sound track or separate title eng
100 1# - MAIN ENTRY--PERSONAL NAME
Personal name Blackwell, Martin
245 #2 - TITLE STATEMENT
Title A consideration of the UK government's proposals for business improvement districts in England
260 ## - PUBLICATION, DISTRIBUTION, ETC.
Date of publication, distribution, etc. 2005
490 ## - SERIES STATEMENT
Series statement Property Management
Volume/sequential designation 23(3) 2005, 194-203(10)
520 ## - SUMMARY, ETC.
Summary, etc. Provides a critical appraisal of government proposals for the introduction of business improvement districts (BIDs) in England and considers statute and case law against the draft Business Improvement Districts (England) Regulations 2004 while drawing on the experience of BID models in North America. Researches a number of areas of concern to those seeking to implement or pay a BID levy and identifies several areas in which the regulations will not achieve their stated aims as well as weaknesses in the voting and taxation provisions. Notes and references.
590 ## - LOCAL NOTE (RLIN)
Local note IKA270905
650 ## - SUBJECT ADDED ENTRY--TOPICAL TERM
Topical term or geographic name entry element BUSINESS IMPROVEMENT DISTRICTS (ENGLAND) REGULATIONS 2004
690 ## - LOCAL SUBJECT ADDED ENTRY--TOPICAL TERM (OCLC, RLIN)
Topical term or geographic name as entry element PROPERTY-PROPERTY MANAGEMENT-REGENERATION
856 41 - ELECTRONIC LOCATION AND ACCESS
Uniform Resource Identifier <a href="https://www.opsi.gov.uk/si/si2004/20042443.htm">https://www.opsi.gov.uk/si/si2004/20042443.htm</a>
Public note View the Regulations free of charge at www.opsi.gov.uk...
942 ## - ADDED ENTRY ELEMENTS (KOHA)
Suppress in OPAC 0
Holdings
Withdrawn status Lost status Source of classification or shelving scheme Damaged status Not for loan Home library Current library Shelving location Date acquired Total Checkouts Full call number Barcode Date last seen Copy number Price effective from Koha item type
    Dewey Decimal Classification     London London Journal article 21/09/2005   L131029 131029-1001 06/08/2019 1 06/08/2019 Journal article